| 000 | 00495cam a22002171 4500 | ||
|---|---|---|---|
| 001 | sa 65001855 | ||
| 003 | DLC | ||
| 005 | 20260227112112.0 | ||
| 008 | 890714s1964 ii 000 1 beno | ||
| 010 | _asa 65001855 | ||
| 035 | _a(OCoLC)20010622 | ||
| 040 |
_aDLC _cWaU _dDLC |
||
| 042 | _apremarc | ||
| 050 | 0 | 0 |
_aPK1718.M5 _bM3 |
| 100 | 1 | _aMitra, Premendra. | |
| 245 | 1 | 0 | _aManudvādaśa. |
| 260 | _c[1964] | ||
| 300 |
_a146 p. _c19 cm. |
||
| 500 | _aIn Bengali. | ||
| 500 | _aA novel. | ||
| 999 |
_c62288 _d62288 |
||